Propuesta de plan estratégico para la comercialización de carne de pollo en el distrito IV de Managua

Presenta una propuesta de plan estratégico para la comercialización de la carne de pollo que tiene su origen en la Granja Avícola Maltez Reyes, ubicada en la ciudad de Managua en Esquí pulas distrito V. Plantea los factores útiles para el desempeño de una excelente comercialización de la carn...

Full description

Bibliographic Details
Main Authors: Benavides González, Ariel José, Loaisiga Arévalo, Ervin Ernesto, Zeledón, Edwin Lenin
Other Authors: Tutor: Torres Mercado, Ronald
Format: Tesis Section = Libro
Language:Undetermined
Spanish
Published: Managua UNI 2007
Subjects:
LEADER 01888nam a2200289Ia 4500
008 240830s9999 xx 000 0 und d
040 |a BIBLIOTECA-RUPAP T.Mon 658.8 B456 
041 |a spa 
082 |a T.Mon 658.8 B456 
100 1 |a Benavides González, Ariel José 
100 1 |b  Loaisiga Arévalo, Ervin Ernesto 
100 1 |c  Zeledón, Edwin Lenin 
245 1 0 |a Propuesta de plan estratégico para la comercialización de carne de pollo en el distrito IV de Managua 
260 |a Managua  |b UNI  |c 2007 
300 |a 56 p. :il. 
500 |a Contiene: anexos e Incluye: CD. 
502 |a Tesis (Ingeniero de Sistemas)- UNI, 2007. 
520 3 |a Presenta una propuesta de plan estratégico para la comercialización de la carne de pollo que tiene su origen en la Granja Avícola Maltez Reyes, ubicada en la ciudad de Managua en Esquí pulas distrito V. Plantea los factores útiles para el desempeño de una excelente comercialización de la carne de pollo, tales como: canales de distribución, equipo rodante, publicidad y promociones, así como el precio en que ofertan el producto. Descubre un análisis de demanda y oferta por medio de una investigación de mercado, a través de datos primarios y secundarios; un análisis competitivo del mercado utilizando el diagrama de PORTER detallando la situación de la empresa, del entorno, oportunidades, amenazas existentes en el sector así como también las fortalezas y debilidades que se tienen a lo interno. 
650 7 |a ADMINISTRACION DE LA DISTRIBUCION (MERCADEO) CARNE DE POLLO 
650 7 |b ESTUDIO DE MERCADO - CANALES DE DISTRIBUCION 
650 7 |c INVESTIGACION Y ANALISIS DE MERCADO 
650 7 |d ANALISIS FODA - AURORA MALTEZ REYES 
650 7 |e PLAN ESTRATEGICO - COMERCIALIZACION - CARNE DE POLLO 
700 1 |a Tutor:  |b Torres Mercado, Ronald 
942 |c BK  |2 ddc 
991 |a TESIS 
999 |c 18700